[Event "Beersheba-B"]
[Site "Beersheba"]
[Date "1991.??.??"]
[Round "?"]
[White "Shahal, Nir"]
[Black "Lederman, Leon S"]
[Result "1/2-1/2"]
[WhiteElo "2200"]
[BlackElo "2335"]
[PlyCount "40"]
[EventDate "1991.07.??"]
[EventType "schev"]
[EventRounds "5"]
[EventCountry "ISR"]
[SourceTitle "EXT 1997"]
[Source "ChessBase"]
[SourceDate "1996.11.15"]
[SourceVersion "1"]
[SourceVersionDate "1996.11.15"]
[SourceQuality "1"]

1. e4 c6 2. d4 d5 3. Nd2 dxe4 4. Nxe4 Bf5 5. Ng3 Bg6 6. h4 h6 7. Nf3 Nd7 8. h5 Bh7 9. Bd3 Bxd3 10. Qxd3 e6 11. Bd2 Ngf6 12. 0-0-0 Qc7 13. Qe2 0-0-0 14. Ne5 Nb6 15. c4 Rxd4 16. Be3 Rxd1+ 17. Rxd1 Rg8 18. f4 g5 19. hxg6 fxg6 20. Qd3 Nbd7 1/2-1/2

[Event "Beersheba-B"]
[Site "Beersheba"]
[Date "1991.??.??"]
[Round "?"]
[White "Shahal, Nir"]
[Black "Zilberman, Yaacov"]
[Result "1/2-1/2"]
[WhiteElo "2200"]
[BlackElo "2425"]
[PlyCount "75"]
[EventDate "1991.07.??"]
[EventType "schev"]
[EventRounds "5"]
[EventCountry "ISR"]
[SourceTitle "EXT 1997"]
[Source "ChessBase"]
[SourceDate "1996.11.15"]
[SourceVersion "1"]
[SourceVersionDate "1996.11.15"]
[SourceQuality "1"]

1. e4 e5 2. Nf3 Nc6 3. Bb5 a6 4. Ba4 d6 5. Bxc6+ bxc6 6. d4 f6 7. Be3 Ne7 8. h4 h5 9. dxe5 fxe5 10. Ng5 Ng6 11. Qd3 Be7 12. Qc4 Bxg5 13. Bxg5 Qd7 14. Nc3 Rf8 15. 0-0-0 a5 16. g4 Ba6 17. Qa4 hxg4 18. h5 Nh8 19. h6 g6 20. Be3 Kf7 21. Qb3+ Qe6 22. Qxe6+ Kxe6 23. Rhg1 Rf3 24. Rxg4 Rh3 25. Rdg1 Rf8 26. Kd2 Rff3 27. a3 Kd7 28. Ke1 Bc4 29. b3 Bg8 30. Na4 Bh7 31. c4 Nf7 32. Ke2 Rf6 33. R4g3 Rh5 34. Bd2 Nxh6 35. Bxa5 Nf7 36. Bd2 Rh2 37. R3g2 Rh3 38. Rg3 1/2-1/2

[Event "Beersheba-B"]
[Site "Beersheba"]
[Date "1991.??.??"]
[Round "?"]
[White "Zilberman, Yaacov"]
[Black "Shahal, Nir"]
[Result "1-0"]
[WhiteElo "2425"]
[BlackElo "2200"]
[PlyCount "51"]
[EventDate "1991.07.??"]
[EventType "schev"]
[EventRounds "5"]
[EventCountry "ISR"]
[SourceTitle "EXT 1997"]
[Source "ChessBase"]
[SourceDate "1996.11.15"]
[SourceVersion "1"]
[SourceVersionDate "1996.11.15"]
[SourceQuality "1"]

1. d4 Nf6 2. Nf3 g6 3. Bg5 Bg7 4. Nbd2 d5 5. e3 0-0 6. Bd3 c6 7. c4 Nbd7 8. 0-0 Re8 9. Rc1 e5 10. cxd5 cxd5 11. dxe5 Nxe5 12. Nxe5 Rxe5 13. Bf4 Re6 14. Nf3 Nh5 15. Bc7 Qe8 16. Qb3 Bd7 17. Qxb7 Bc6 18. Qb4 Rc8 19. Bd6 d4 20. Nxd4 Bxd4 21. exd4 Rd8 22. Bc7 Rd7 23. Qb8 Qxb8 24. Bxb8 Re8 25. Be5 Re6 26. Bc4 1-0